John Donne

Uloženo v:
Podrobná bibliografie
Hlavní autoři: Donne, John (Autor), Gros, Leon-Gabriel (Autor)
Médium: Kniha
Jazyk:francouzština
Vydáno: París Editions Pierre Seghers 1964
Edice:Ecrivains d'hier et d'aujourd'hui, 15
Témata:
Tagy: Přidat tag
Žádné tagy, Buďte první, kdo vytvoří štítek k tomuto záznamu!

MARC

LEADER 00000nam a2200000 a 4500
001 UCV7897
003 CL-VaPUC
008 900301e19640000FR |||||||||||||||||fre|d
082 0 4 |a 821  |b DON  |2 21 
100 |a Donne, John  |e author  |9 265748 
700 0 |a Gros, Leon-Gabriel  |e author  |9 302001 
245 1 0 |a John Donne 
300 |a 214 p 
942 |c BK 
945 |d 19900301 00:00:00 
260 |a París  |b Editions Pierre Seghers  |c 1964 
600 0 |a Donne, John  |9 265748 
650 0 |a Poesías inglesas  |9 265094 
650 0 |a Biografías  |9 255210 
650 0 |a Crítica e interpretación   |9 255042 
583 |a last modification  |c 20140820 03:13:59  |k Rodrigo Vera 
490 0 |a Ecrivains d'hier et d'aujourd'hui, 15 
999 |c 213504  |d 213502 
952 |0 0  |1 0  |4 0  |6 821_000000000000000_DON_1964  |7 0  |8 P  |9 195955  |a BIBARQ  |b BIBARQ  |d 2019-11-14  |i 2639254  |o 821 DON 1964  |p 2639254  |r 2025-01-20  |w 2019-11-14  |y BK  |k ARQ 
952 |0 0  |1 0  |4 0  |6 821_000000000000000_DON_1964  |7 0  |8 A  |9 195956  |a BIBEDU  |b BIBEDU  |d 2019-11-14  |i 1231790  |o 821 DON 1964  |p 1231790  |r 2019-11-14  |w 2019-11-14  |y BK  |k LIT